Online katalóg knižníc regiónu Turca

Klišé (Record no. 22122)

MARC details
000 -LEADER
fixed length control field 01636cam a2200481 a 4500
001 - CONTROL NUMBER
control field 22122
003 - CONTROL NUMBER IDENTIFIER
control field VRT
005 - DATE AND TIME OF LATEST TRANSACTION
control field 20260320111713.0
008 - FIXED-LENGTH DATA ELEMENTS--GENERAL INFORMATION
fixed length control field 240318s2015 xo e 000 f slo
015 ## - NATIONAL BIBLIOGRAPHY NUMBER
National bibliography number SNBA2016/03
020 ## - INTERNATIONAL STANDARD BOOK NUMBER
International Standard Book Number 9788081145131
Qualifying information (brož.)
035 ## - SYSTEM CONTROL NUMBER
System control number urn:nbn:sk:snk-am00bajy
035 ## - SYSTEM CONTROL NUMBER
System control number urn:nbn:sk:snk-am3h8fg
035 ## - SYSTEM CONTROL NUMBER
System control number F6CCE402-C4A5-4E77-9113-B925F7EA1559
039 #9 - LEVEL OF BIBLIOGRAPHIC CONTROL AND CODING DETAIL [OBSOLETE]
Level of rules in bibliographic description 202403182128
Level of effort used to assign nonsubject heading access points VLOAD
Level of effort used to assign subject headings 201811301429
Level of effort used to assign classification VLOAD
Level of effort used to assign subject headings 201808201516
Level of effort used to assign classification mbpksh04
Level of effort used to assign subject headings 201605101408
Level of effort used to assign classification msavuk02
040 ## - CATALOGING SOURCE
Original cataloging agency PPPK
Language of cataloging slo
Transcribing agency PPPK
Modifying agency SNK
Description conventions AACR2
041 0# - LANGUAGE CODE
Language code of text/sound track or separate title slo
044 ## - COUNTRY OF PUBLISHING/PRODUCING ENTITY CODE
MARC country code xo
ISO country code SK
072 #7 - SUBJECT CATEGORY CODE
Subject category code 821.162.4-3
Subject category code subdivision Slovenská próza
Source konspekt
080 ## - UNIVERSAL DECIMAL CLASSIFICATION NUMBER
Universal Decimal Classification number 821.162.4-31
Edition identifier 2011
100 1# - MAIN ENTRY--PERSONAL NAME
Personal name Monošová, Martina,
Dates associated with a name 1972-
Relationship aut
245 10 - TITLE STATEMENT
Title Klišé
Remainder of title tri hrany trojuholníka jednej manželskej nevery
Statement of responsibility, etc. Martina Monošová
250 ## - EDITION STATEMENT
Edition statement 2. vyd.
260 ## - PUBLICATION, DISTRIBUTION, ETC.
Place of publication, distribution, etc. Bratislava
Name of publisher, distributor, etc. Marenčin PT
Date of publication, distribution, etc. 2015
300 ## - PHYSICAL DESCRIPTION
Extent 318 s.
Dimensions 17 cm
655 #7 - INDEX TERM--GENRE/FORM
Genre/form data or focus term slovenské romány
Source of term SNKPH
655 #7 - INDEX TERM--GENRE/FORM
Genre/form data or focus term Slovak fiction
Source of term SNKPHeng
910 ## - USER-OPTION DATA (OCLC)
User-option data pppk
910 ## - USER-OPTION DATA (OCLC)
User-option data sllk
910 ## - USER-OPTION DATA (OCLC)
User-option data hevk
910 ## - USER-OPTION DATA (OCLC)
User-option data snk
910 ## - USER-OPTION DATA (OCLC)
User-option data savuk
910 ## - USER-OPTION DATA (OCLC)
User-option data bpksh
942 ## - ADDED ENTRY ELEMENTS (KOHA)
Source of classification or shelving scheme Dewey Decimal Classification
Koha item type Krásna literatúra pre dospelých
Suppress in OPAC No
949 ## - LOCAL PROCESSING INFORMATION (OCLC)
6 17A1180481
a snkSD 85001
b snk2016/4010
o 393/16
s 6100:20160304
949 ## - LOCAL PROCESSING INFORMATION (OCLC)
6 270001000528288
a svkbbA 147199
b svkbbm 759804
949 ## - LOCAL PROCESSING INFORMATION (OCLC)
6 17A1180495
a snkSD 85001 D1
b snk2016/4272
o 393/16
949 ## - LOCAL PROCESSING INFORMATION (OCLC)
6 273K0598632
a svkpoA 228469
b svkpo594984
949 ## - LOCAL PROCESSING INFORMATION (OCLC)
6 2889311626
a savukPV 22204
b savuk2016/1277
949 ## - LOCAL PROCESSING INFORMATION (OCLC)
6 3869A14250
a bpksh821.162.4-31
b bpksh70915
949 ## - LOCAL PROCESSING INFORMATION (OCLC)
6 3869A14249
a bpksh821.162.4-31
b bpksh70914
Holdings
Stav vyradenia Strata Poškodenie Spôsob nadobudnutia Domovská knižnica Aktuálna knižnica Dátum nadobudnutia Cena Total checkouts Čiarový kód exemplára Date last seen Typ exemplára
      Kúpa Obecná knižnica Horná Štubňa Obecná knižnica Horná Štubňa 20.03.2026 3.99   9788081145131 20.03.2026 Krásna literatúra pre dospelých
      Dar Obecná knižnica Turčianska Štiavnička Obecná knižnica Turčianska Štiavnička 23.03.2026     4738000657 23.03.2026 Krásna literatúra pre dospelých
Projekt je podporený Slovenskou asociáciou knižníc
Prevádzkuje Turčianska knižnica Martin 2026